| 000 | 00975nam a22002651u 4500 | ||
|---|---|---|---|
| 001 | 05718 | ||
| 003 | HDC | ||
| 007 | cr bn --- | ||
| 008 | 210121p xx fo d 00 engg | ||
| 040 | _aHDC | ||
| 100 |
_aDr. Mohamed Sadek _96022 |
||
| 245 | 0 |
_aTRANSFROMING BIOTECHNOLOGY PRODUCT : _bASSESMENT OF PROCESS AND PROCEDURE _cby Dr. Mohamed Sadek, Dr. Ahmad H. Sakr & Dr. Muhammad Munir Chaudry |
|
| 260 |
_a[No place] : _b[publisher not identified], _c2008 |
||
| 300 |
_a10 pages : _bIllustrations |
||
| 336 |
_atext _2rdacontent |
||
| 337 |
_acomputer _2rdamedia |
||
| 338 |
_aonline resource _2rdacarrier |
||
| 650 |
_aBiotechnology product _96023 |
||
| 650 |
_aHalal food _xResearch _95613 |
||
| 650 |
_aHalal industry _9144 |
||
| 856 | _zRequest full-text at [email protected] | ||
| 942 | _2lcc | ||
| 942 | _cSLIDE | ||
| 942 | _kSLID 000582 | ||
| 999 |
_c3042 _d3042 |
||